[Event "ITA-ch U16"]
[Site "Merano"]
[Date "2008.07.06"]
[Round "1"]
[White "Visani, Giorgio"]
[Black "Forato, Enrico"]
[Result "0-1"]
[WhiteElo "1512"]
[BlackElo "2059"]
[PlyCount "32"]
[EventDate "2008.07.06"]
[EventType "swiss"]
[EventRounds "9"]
[EventCountry "ITA"]
[SourceTitle "EXT 2011"]
[Source "ChessBase"]
[SourceDate "2010.11.26"]
[SourceVersion "1"]
[SourceVersionDate "2010.11.26"]
[SourceQuality "1"]

1. e4 c5 2. d4 cxd4 3. c3 Nc6 4. Nf3 d5 5. exd5 Qxd5 6. Be3 Bg4 7. Be2 e5 8. 0-0 0-0-0 9. cxd4 exd4 10. h3 Bh5 11. g4 Bg6 12. Bf4 d3 13. Nc3 dxe2 14. Nxd5 exd1Q 15. Rfxd1 Be4 16. Ng5 Bxd5 0-1